00685 a2200241 4500001000700000003000400007005001700011008004100028082002100069245008500090260004100175300001000216546001200226650002000238650002100258650001500279650002000294650002200314650002700336700002800363700002700391700002500418066102OSt20260212103032.0  a306.440954bL26L1 aLanguage in South Asiacedited by Braj B. Kachru, Yamuna Kachru and S.N. Sridhar aUKbCambridge University Pressc2008 a608p. aEnglish 2Multilingualism 2Sociolinguistics 2South Asia 2Indic philology 2Language planning 2Language and languages aKachru, Braj B.eEditor aKachru, YamunaeEditor aSridhar, S N4Editor